| 000 | 00941cab a2200193 4500 | ||
|---|---|---|---|
| 001 | ##L133919 | ||
| 008 | 060620n2006 000 0 eng u | ||
| 035 | _a(Sirsi) u133919 | ||
| 041 | 0 | _aeng | |
| 100 | 1 | _aSweet, Rod | |
| 245 | 0 | 2 | _aA mug's game |
| 260 | _c2006 | ||
| 490 | 0 |
_aConstruction Manager _vJune 2006, 28-33(6) |
|
| 520 | _aExamines the concept of risk management in the construction industry. Although it has only developed as a discrete discipline within the last 10 years, the identification and management of potential hazards and gains is now a key element in construction projects. Looks at how a number of companies deal with risk management, and comments upon the usefulness of specialist software packages in dealing with risk management. | ||
| 590 | _aIKA040706 NTK | ||
| 651 | 4 |
_aUnited Kingdom _y |
|
| 690 | _aMANAGEMENT-HEALTH AND SAFETY-HEALTH AND SAFETY RISK MANAGEMENT-PROJECT RISK MANAGEMENT | ||
| 942 | _n0 | ||
| 999 |
_c77257 _d77257 |
||